Retrouvez les pays d'Europe avec leurs formes - Statistiques

Statistiques générales
  • Ce quiz a été pris 199 fois
  • Le résultat moyen est 37 sur 46
Statistiques - réponses
Par images Réponse % Correct
Espagne
96%
France
95%
Italie
95%
Norvège
94%
Allemagne
93%
Portugal
93%
Royaume-Uni
93%
Russie
93%
Croatie
91%
Grèce
91%
Islande
89%
Autriche
88%
Chypre
88%
Danemark
88%
Monaco
86%
Irlande
85%
Suède
85%
Vatican
85%
Finlande
84%
Turquie
84%
Pologne
83%
Hongrie
81%
Ukraine
81%
Albanie
80%
Pays-Bas
79%
Suisse
79%
Belgique
78%
Moldavie
76%
Roumanie
76%
Malte
75%
Slovaquie
74%
Kosovo
73%
Lettonie
71%
Serbie
71%
Bosnie-Herzégovine
69%
Estonie
69%
Macédoine du Nord
69%
biélorussie
66%
Bulgarie
66%
Luxembourg
66%
Lituanie
65%
République tchèque
65%
Andorre
64%
Monténégro
64%
Slovénie
62%
Liechtenstein
57%
Aucun quiz correspondant
Distribution des résultats
% des personnes avec chaque résultat
Percentile par nombre de réponses
Votre historique - résultats
Vous n’avez pas pris ce quiz